000
00330nam a2200133Ia 4500
008
210210b1975 xxu||||| |||| 00| 0 eng d
082
_a
306.8 RAOA
100
_a
RAO (Raghunatha R).
245
_a
Aryan marriage.
260
_a
Delhi
_b
Cosmo publications
_c
1975
300
_a
xi,280
690
_a
Marriage & Family
906
_a
037012
999
_c
87383
_d
87383